000
00335nam a2200145Ia 4500
003
OSt
005
20240319152017.0
008
170524s9999 xx 000 0 und d
020
_a
9353164818
040
_c
IIMTU
100
_a
CHARY- SN
245
0
_a
Production and Operation Management
260
_b
TATA MCGRAW HILL
942
_2
ddc
_c
02
999
_c
8563
_d
8563